000 00416nam a2200157 a 4500
001 1417
005 20180713181452.0
008 140415s1966 000 0 spa d
041 _aspa
082 _a371.26
_bLIN
100 1 _aLINDERMAN, RICHARD H.
245 1 0 _aTRATADO DE MEDICION EDUCACIONAL
260 _a[s.l.] :
_bPAIDOS,
_c1966
300 _a222
650 1 4 _aMEDICIONES Y PRUEBAS EDUCATIVAS
999 _c1417
_d1417